000
00330nam a22001457a 4500
999
_c
167387
_d
167387
082
_a
_b
100
_a
Manfred B Steger
245
_a
Globalisation:
_b
a very short introduction/
_c
by Manfred B Steger.
250
_a
260
_a
New Delhi:
_b
Oxford,
_c
2003.
300
_a
147p.
600
_a
650
_a
942
_c
BK